Hyperboreus. Vol. 14, fasc. 1 (Запись № 13092759)

Подробности
000 -МАРКЕР
контрольное поле 00710nam2a2200205 4500
001 - ИДЕНТИФИКАТОР ЗАПИСИ
контрольное поле RU\NLR\PER_A\003491743_000310
005 - ИДЕНТИФИКАТОР ВЕРСИИ
контрольное поле 20250625162110.0
035 ## - ДРУГИЕ СИСТЕМНЫЕ НОМЕРА
Идентификатор записи (NLR Aleph) 022217832
100 ## - ДАННЫЕ ОБЩЕЙ ОБРАБОТКИ
Данные общей обработки 20240508d2008 |||y0rusy50 ca
101 0# - ЯЗЫК РЕСУРСА
Язык текста, звукозаписи и т.д. латинский
102 ## - СТРАНА ПУБЛИКАЦИИ ИЛИ ПРОИЗВОДСТВА
Страна публикации Российская Федерация
200 0# - ЗАГЛАВИЕ И СВЕДЕНИЯ ОБ ОТВЕТСТВЕННОСТИ
Основное заглавие Vol. 14, fasc. 1
210 ## - ПУБЛИКАЦИЯ, РАСПРОСТРАНЕНИЕ И ДР.
Дата издания, распространения и т.д. 2008
Место издания, распространения и т.д. Б. м.
461 #0 - УРОВЕНЬ НАБОРА
Встроенное поле 001RU\NLR\INFOCOMM_13\5000190741
-- 2001#$aHyperboreus$eStudia classica$fBibl. classica Petropolitana$vVol. 14, fasc. 1
Системный номер (АБИС) связанной записи 3349750
Место публикации Petropoli [St. Petersburg]
Дата публикации 1994-
Первые сведения об ответственности Bibl. classica Petropolitana
Сведения, относящиеся к заглавию Studia classica
Заглавие Hyperboreus
ISSN 0949-2615
Номер тома Vol. 14, fasc. 1
852 ## - МЕСТОНАХОЖДЕНИЕ И ШИФР ХРАНЕНИЯ
Идентификатор организации NLR
Шифр хранения (Call Number) P22/5669
942 ## - ДОПОЛНИТЕЛЬНЫЕ ЭЛЕМЕНТЫ ЗАПИСИ (АБИС)
Тип экземпляра АБИС Выпуск
980 ## - КОЛЛЕКЦИЯ
Название коллекции Национальная библиография
980 ## - КОЛЛЕКЦИЯ
Название коллекции Иностранная периодика

Нет доступных экземпляров.